Relaciones geográficas del siglo XVI : Nueva Galicia /
El presente volumen reproduce doce relaciones geográficas de Nueva Galicia. Incluye datos sobre su origen, número de censo, fecha autores, amanuenses, lenguas habladas en la región y, en caso de haberlos, mapas que acompañan los informes. La colección total incluye: Tlaxcala, edición facsimilar; Gua...
Uloženo v:
| Hlavní autor: | |
|---|---|
| Médium: | Kniha |
| Jazyk: | španělština |
| Vydáno: |
México :
UNAM, Instituto de Investigaciones Antropológicas,
1988, c1988
|
| Edice: | (Serie Antropológica ; Etnohistoria)
65. (Relaciones Geográficas del Siglo XVI ; 10) |
| Témata: | |
| Tagy: |
Žádné tagy, Buďte první, kdo vytvoří štítek k tomuto záznamu!
|
MARC
| LEADER | 00000nam^a2200000^a^4500 | ||
|---|---|---|---|
| 001 | 000026124 | ||
| 005 | 20250521000000.0 | ||
| 009 | 20260310084717.796 | ||
| 020 | |a 968-837-346-X | ||
| 037 | |a Acervo ITESO - Biblioteca | ||
| 041 | |a ESP | ||
| 082 | |a 972. |b ACU V. 6 | ||
| 100 | |a Acuña, René |e (edición) | ||
| 240 | 1 | 1 | |a [Relaciones geográficas del siglo XVI] |
| 245 | 1 | 0 | |a Relaciones geográficas del siglo XVI : |b Nueva Galicia / |c Ed. de R. Acuña. |
| 264 | 4 | |a México : |b UNAM, Instituto de Investigaciones Antropológicas, |c 1988, c1988 | |
| 300 | |a 360 p. | ||
| 336 | |a texto |b txt |2 rdacontenido | ||
| 337 | |a sin mediación |b n |2 rdamedio | ||
| 338 | |a volumen |b nc |2 rdasoporte | ||
| 440 | 1 | |a (Serie Antropológica ; |v 65. |p Etnohistoria) | |
| 440 | 1 | |a (Relaciones Geográficas del Siglo XVI ; |v 10) | |
| 520 | |a El presente volumen reproduce doce relaciones geográficas de Nueva Galicia. Incluye datos sobre su origen, número de censo, fecha autores, amanuenses, lenguas habladas en la región y, en caso de haberlos, mapas que acompañan los informes. La colección total incluye: Tlaxcala, edición facsimilar; Guatemala; Antequera, ciudad de México en 2 tomos; Tlaxcala en dos tomos; México, en tres tomos; Michoacán y Nueva Galicia. | ||
| 649 | |a XX | ||
| 650 | |a Viajes y Travesías - |z Jalisco - |x Historia - |y Epoca Colonial, 1517-1821 | ||
| 650 | |a Viajes y Travesías - |z México - |x Historia - |y Epoca Colonial, 1517-1821 | ||
| 650 | |a Geografía - |z Jalisco - |x Historia - |y Epoca Colonial, 1517-1821 | ||
| 650 | |a Geografía - |z México - |x Historia - |y Epoca Colonial, 1517-1821 | ||
| 650 | |a Jalisco - |x Historia - |y Epoca Colonial, 1517-1821 | ||
| 650 | |a México - |x Historia - |y Epoca Colonial, 1517-1821 | ||
| 650 | |a Jalisco - |x Descripción | ||
| 650 | |a México - |x Descripción | ||
| 650 | |a Geografía Histórica - |z Jalisco - |x Tema Principal | ||
| 650 | |a Geografía Histórica - |z México - |x Tema Principal | ||
| 910 | |a Fondo General | ||
| 920 | |a Impresos - Libros | ||
| 930 | |a Colección General | ||
| 905 | |a 101 | ||
| 901 | |a 0261240100 |b IT1 |c ACC |i 026124 |u 20250521 | ||
| 902 | |a https://opac.biblio.iteso.mx/vufind/Record/000026124 | ||